| 000 | 00895nam a2200277 a 4500 | ||
|---|---|---|---|
| 999 |
_c6676 _d6676 |
||
| 001 | 3945522 | ||
| 003 | OSt | ||
| 005 | 20190117184458.0 | ||
| 008 | 930323s1994 arua 000 0aeng | ||
| 010 | _a 93084140 | ||
| 020 | _a0892212357 | ||
| 040 |
_aDLC _cDLC |
||
| 050 | 0 | 0 |
_aBR1725.P265 _bA3 1994 |
| 082 | 0 | 0 |
_a248.86 _aB _221 _bP261p |
| 100 | 1 | _aParrish, Duane. | |
| 245 | 1 | 2 |
_aA postcard to Heaven / _cby Duane Parrish. |
| 260 |
_aGreen Forest, AR : _bNew Leaf Press, _cc1994. |
||
| 300 |
_a148 p. : _bill. ; _c22 cm. |
||
| 600 | 1 | 0 | _aParrish, Duane. |
| 650 | 0 | _aChristian biography. | |
| 650 | 0 |
_aCerebrovascular disease _xPatients _xReligious life. |
|
| 650 | 0 |
_aCerebrovascular disease _xPatients _xBiography. |
|
| 906 |
_a7 _bcbc _corignew _d3 _eopcn _f19 _gy-gencatlg |
||
| 942 |
_2ddc _cBK |
||